Out of Gas: The End of the Age of Oil (Record no. 221029)

MARC details
000 -LEADER
fixed length control field 01560nam a22002297a 4500
005 - DATE AND TIME OF LATEST TRANSACTION
control field 20211231100632.0
008 - FIXED-LENGTH DATA ELEMENTS--GENERAL INFORMATION
fixed length control field 211231b ||||| |||| 00| 0 eng d
040 ## - CATALOGING SOURCE
Transcribing agency AL
041 ## - LANGUAGE CODE
Language code of text/sound track or separate title eng
082 ## - DEWEY DECIMAL CLASSIFICATION NUMBER
Edition number 23
Classification number 622.1828
Item number GOOO
100 ## - MAIN ENTRY--PERSONAL NAME
Personal name David Goodstein
100 ## - MAIN ENTRY--PERSONAL NAME
9 (RLIN) 12159
245 ## - TITLE STATEMENT
Title Out of Gas: The End of the Age of Oil
260 ## - PUBLICATION, DISTRIBUTION, ETC.
Place of publication, distribution, etc. New York:
Name of publisher, distributor, etc. W W Norton & Company,
Date of publication, distribution, etc. 2004.
300 ## - PHYSICAL DESCRIPTION
Extent 140 p.
Other physical details HB
Dimensions 21x14 cm.
365 ## - TRADE PRICE
Price amount 21.95
Currency code £
Unit of pricing 21.95
520 ## - SUMMARY, ETC.
Summary, etc. Our rate of oil discovery has reached its peak and will never be exceeded; rather, it is certain to decline—perhaps rapidly—forever forward. Meanwhile, over the past century, we have developed lifestyles firmly rooted in the promise of an endless, cheap supply. In this book, David Goodstein, professor of physics at Caltech, explains the underlying scientific principles of the inevitable fossil fuel shortage we face. He outlines the drastic effects a fossil fuel shortage will bring down on us. And he shows that there is an important silver lining to the need to switch to other sources of energy, for when we have burned up all the available oil, the earth's climate will have moved toward a truly life-threatening state. With its easy-to-grasp explanations of the science behind every aspect of our most urgent environmental policy decisions, Out of Gas is a handbook for the future of civilization.
650 ## - SUBJECT ADDED ENTRY--TOPICAL TERM
Topical term or geographic name entry element Petroleum Reserves
9 (RLIN) 12155
650 ## - SUBJECT ADDED ENTRY--TOPICAL TERM
Topical term or geographic name entry element Petroleum Industry and Trade
9 (RLIN) 12156
650 ## - SUBJECT ADDED ENTRY--TOPICAL TERM
Topical term or geographic name entry element Mining Engineering
9 (RLIN) 12157
700 ## - ADDED ENTRY--PERSONAL NAME
Personal name GOODSTEIN (David)
9 (RLIN) 12158
942 ## - ADDED ENTRY ELEMENTS (KOHA)
Source of classification or shelving scheme Dewey Decimal Classification
Koha item type George Fernandes Collections
Holdings
Withdrawn status Lost status Source of classification or shelving scheme Damaged status Not for loan Collection code Home library Current library Date acquired Total Checkouts Full call number Barcode Date last seen Price effective from Koha item type
    Dewey Decimal Classification     Electronics St Aloysius Library St Aloysius Library 03/24/2013   622.1828 GOOO GF03649 12/31/2021 12/31/2021 George Fernandes Collections